000 00445nam a2200181Ia 4500
005 20250603145451.0
008 250603s9999 xx 000 0 und d
020 _a9783319924465
050 _aTS 155 .Z55/
100 _aZijm, Henk...[et al.]
245 0 _aOperations, logistics and supply chain management
260 _aUnited State
260 _bSpringer
260 _c2019
300 _a734 p
650 _aUnited State
942 _cBK
999 _c41943
_d41943